[Event "4th Open"]
[Site "Genova ITA"]
[Date "2000.08.11"]
[Round "6"]
[White "Grigore,G"]
[Black "Malakhov,V"]
[Result "0-1"]
[WhiteElo "2508"]
[BlackElo "2605"]

1.d4 d5 2.c4 e6 3.Nc3 c6 4.e4 dxe4 5.Nxe4 Bb4+ 6.Bd2 Qxd4 7.Bxb4 Qxe4+ 8.Ne2 Nd7
9.Qd6 c5 10.Bc3 Ne7 11.O-O-O e5 12.Ng3 Qf4+ 13.Rd2 a5 14.Nh5 Qg5 15.Be2 Ra6
16.Qc7 O-O 17.g4 Nc6 18.f4 Qe7 19.fxe5 Nb4 20.Kb1 Rc6 21.Qxa5 Ra6 22.Qc7 Nxa2
23.Ba5 Rc6 24.Kxa2 Rxc7 25.Bxc7 Nxe5 26.Bd6 Qg5 27.Rd5 Re8 28.Bxc5 Bxg4 29.Bxg4 Qxg4
30.Nf6+ gxf6 31.Rg1 Qxg1 32.Bxg1 Nxc4 33.Kb3 Ne5 34.Bd4 Kg7 35.Bc3 Kg6 36.Rb5 Re7
37.Kb4 h5 38.Kc5 h4 39.Kb6 h3 40.Rd5 Nc4+ 41.Kb5 Ne3 42.Rd4 f5 43.Kb6 Kg5
44.b4 f4 45.b5 f3 46.Be1 Nc4+ 47.Rxc4 Rxe1 48.Rc2 Re2  0-1

[Event "4th Open"]
[Site "Genova ITA"]
[Date "2000.08.12"]
[Round "7"]
[White "Malakhov,V"]
[Black "Nikolaidis,I"]
[Result "1/2-1/2"]
[WhiteElo "2605"]
[BlackElo "2512"]

1.Nf3 c5 2.c4 Nc6 3.Nc3 g6 4.g3 Bg7 5.Bg2 Nh6 6.O-O O-O 7.a3 d6 8.Rb1 a5
9.d3 Nf5 10.Bd2 Bd7 11.Ne1 h5 12.e3 Rb8 13.Qe2 Na7 14.b4 axb4 15.axb4 cxb4
16.Rxb4 b5 17.d4 bxc4 18.Qxc4 Rxb4 19.Qxb4 Qb8 20.Nd3 Qxb4 21.Nxb4 Rb8 22.Ra1 Nb5
23.Nxb5 Bxb5 24.Ra7 e6 25.d5 Bc4 26.Rc7 exd5 27.Bxd5 Bxd5 28.Nxd5 Rb5 29.e4 Nd4
30.Kg2 Ne6 31.Re7 Rc5 32.h4 Rc4 33.Kf3 Rc2 34.Be3 Nd4+ 35.Kg2 Ne6 36.Rd7 Nc5
37.Rd8+ Kh7 38.Rc8 Ra2 39.Kf3 Nd3 40.Bb6 Ne1+ 41.Ke3 Ng2+ 42.Kf3 Ne1+ 43.Ke3 Ng2+  1/2-1/2

[Event "4th Open"]
[Site "Genova ITA"]
[Date "2000.08.14"]
[Round "10"]
[White "Dervishi,E"]
[Black "Malakhov,V"]
[Result "0-1"]
[WhiteElo "2478"]
[BlackElo "2605"]

1.e4 c5 2.Nf3 g6 3.d4 Bg7 4.Nc3 cxd4 5.Nxd4 Nc6 6.Be3 Nf6 7.Bc4 O-O 8.Bb3 d6
9.f3 Bd7 10.Qd2 Rc8 11.O-O-O Ne5 12.h4 h5 13.Kb1 Nc4 14.Bxc4 Rxc4 15.Rhe1 Re8
16.Nb3 Qc7 17.Bd4 Be6 18.Nd5 Bxd5 19.exd5 a5 20.Re2 a4 21.Nc1 a3 22.Qe1 axb2
23.Nb3 Qd7 24.Bxb2 Rec8 25.Rxe7 Qf5 26.Ka1 Nxd5 27.Re8+ Rxe8 28.Qxe8+ Kh7
29.Nd4 Qf4 30.g3 Rxd4 31.Rxd4 Qxf3 32.Qe1 Ne3 33.Kb1 Bxd4 34.Bxd4 Qf1 35.Qxf1 Nxf1
36.Bf2 g5 37.Kb2 Kg6 38.Kc3 Kf5 39.hxg5 Kxg5 40.Kc4 Kg4 41.Kb5 Nxg3 42.Kb6 h4
43.Kxb7 h3 44.Bg1 Kf3 45.a4 Kg2 46.Bb6 h2 47.a5 h1=Q 48.a6 Kh3+  0-1

[Event "4th Open"]
[Site "Genova ITA"]
[Date "2000.08.15"]
[Round "11"]
[White "Ausmins,E"]
[Black "Malakhov,V"]
[Result "0-1"]
[WhiteElo "2324"]
[BlackElo "2605"]

1.d4 d5 2.c4 e6 3.Nc3 c6 4.Nf3 dxc4 5.g3 Nf6 6.Bg2 b5 7.O-O Bb7 8.a4 a6 9.Ne5 Nd5
10.e4 Nxc3 11.bxc3 Nd7 12.f4 Be7 13.Nxd7 Qxd7 14.f5 exf5 15.Rxf5 O-O 16.Be3 Rad8
17.Qe2 Bc8 18.Rff1 Qc7 19.Rfb1 Rfe8 20.Qf2 Bd7 21.Rf1 Rf8 22.axb5 axb5 23.d5 c5
24.Ra6 b4 25.Bf4 Qb7 26.d6 Bf6 27.e5 Qxa6 28.exf6 gxf6 29.Be5 fxe5 30.Qf6 h6
31.Bd5 Bf5 32.Rxf5 Qxd6 33.Bxf7+ Rxf7 34.Qxf7+ Kh8 35.Rf6 Qd1+ 36.Rf1 Qd7
37.Qh5 Qd6 38.g4 bxc3 39.g5 Qd4+ 40.Kh1 Qe4+ 41.Kg1 Qe3+ 42.Kh1 Qxg5 43.Qe2 Rg8
44.Qe4 Qg7 45.Qe2 c2 46.Qe4 c3 47.Re1 Qf6 48.Rc1 Qg5 49.Qxc2 Qd2  0-1

[Event "Open"]
[Site "Porto San Giorgio ITA"]
[Date "2000.08.21"]
[Round "2"]
[White "Foisor,C"]
[Black "Malakhov,V"]
[Result "1/2-1/2"]
[WhiteElo "2386"]
[BlackElo "2605"]

1.Nf3 c5 2.c4 g6 3.g3 Bg7 4.Bg2 Nc6 5.Nc3 d6 6.O-O Bf5 7.a3 Qd7 8.d3 Bh3
9.Nd5 Bxg2 10.Kxg2 e6 11.Nf4 Nge7 12.Rb1 a5 13.e4 O-O 14.h4 a4 15.h5 Rfb8
16.Rh1 b5 17.hxg6 hxg6 18.cxb5 Rxb5 19.Qg1 f6 20.Ne2 Rbb8 21.Bh6 g5 22.Qh2 Ng6
23.Bxg5 Kf7 24.Be3 Rh8 25.Qg1 e5 26.Nh4 Nxh4+ 27.gxh4 f5 28.Bg5 f4 29.Kf1 Rag8
30.Qh2 Bf8 31.Rg1 Be7 32.Bxe7 Rxg1+ 33.Nxg1 Qxe7 34.Nf3 Nd4 35.Nxd4 cxd4
36.Qh3 Qe6 37.Qxe6+ Kxe6 38.b4 axb3 39.Rxb3 Rxh4 40.Kg2 Rg4+ 41.Kf1 Rg8 42.a4 Ra8
43.Ra3 Kd7 44.Ke2 Kc6 45.Ra1 Ra6 46.Kf3 Kc5 47.Rc1+ Kb6 48.Rc4 Ra5 49.Rb4+ Kc6
50.Kg4 Rc5 51.Kf5 Rc2 52.Ke6 f3 53.Rb8 Rxf2 54.Rc8+ Kb6 55.Kxd6 Rd2 56.Rb8+ Ka5
57.Kxe5 Rxd3 58.Kd5 f2 59.Rf8 Rd2 60.e5 Kxa4 61.e6 Re2  1/2-1/2

[Event "Open"]
[Site "Porto San Giorgio ITA"]
[Date "2000.08.22"]
[Round "3"]
[White "Malakhov,V"]
[Black "Aldrovandi,C"]
[Result "1-0"]
[WhiteElo "2605"]
[BlackElo "2351"]

1.e4 c5 2.Nf3 d6 3.d4 cxd4 4.Nxd4 Nf6 5.Nc3 g6 6.Be3 Bg7 7.f3 Nc6 8.Qd2 h5
9.Bc4 Bd7 10.O-O-O Rc8 11.Bb3 Qa5 12.Kb1 Ne5 13.Bg5 Rc5 14.f4 Nc6 15.e5 dxe5
16.Bxf7+ Kxf7 17.Nb3 Qxc3 18.bxc3 Ne4 19.Qxd7 Nxc3+ 20.Kc1 Nxa2+ 21.Kd2 Rb5
22.Bxe7 Nxe7 23.Qxb5 Rd8+ 24.Ke3 Rc8  1-0

[Event "Open"]
[Site "Porto San Giorgio ITA"]
[Date "2000.08.23"]
[Round "4"]
[White "Lazarev,V"]
[Black "Malakhov,V"]
[Result "0-1"]
[WhiteElo "2478"]
[BlackElo "2605"]

1.d4 d5 2.c4 e6 3.Nf3 c6 4.Qc2 Nf6 5.e3 Nbd7 6.Nc3 Bd6 7.Bd3 O-O 8.O-O dxc4
9.Bxc4 Qe7 10.Bb3 c5 11.Bd2 a6 12.Ne4 Nxe4 13.Qxe4 cxd4 14.exd4 Nf6 15.Qh4 b5
16.Bc2 Bb7 17.Ne5 Rfc8 18.Rac1 Ne4 19.Qxe7 Bxe7 20.Be3 Nf6 21.a4 Nd5 22.axb5 axb5
23.Bd3 b4 24.Bd2 Nb6 25.Bb5 b3 26.f3 Bf6 27.Rxc8+ Rxc8 28.Rc1 Rd8 29.Ba5 Rxd4
30.Bxb6 Rb4 31.Rc5 Bxe5 32.Rxe5 Bd5 33.Kf2 Rxb5 34.Bd4 f6 35.Re1 Kf7 36.Ra1 g5
37.Ra7+ Kg6 38.Ke3 h5 39.Rc7 Rb8 40.g3 Ra8 41.Rc1 g4 42.fxg4 hxg4 43.Rf1 e5
44.Bc3 Be6 45.Rd1 Bf5 46.Rd6 Kf7 47.Rb6 Be6 48.Rb7+ Kg6 49.Rb6 Kf5 50.Rd6 Rh8
51.Rd2 Bc4 52.Rf2+ Ke6 53.Kd2 Rd8+ 54.Ke1 Rd3 55.Rd2 Re3+ 56.Kf2 Rf3+ 57.Kg1 e4
58.Rd4 Rxc3 59.bxc3 b2 60.Rxe4+ Kd5 61.Re1 Bd3  0-1

[Event "Open"]
[Site "Porto San Giorgio ITA"]
[Date "2000.08.24"]
[Round "5"]
[White "Malakhov,V"]
[Black "Efimov,I"]
[Result "1-0"]
[WhiteElo "2605"]
[BlackElo "2520"]

1.c4 Nf6 2.Nf3 d6 3.g3 e5 4.Bg2 c6 5.O-O Bg4 6.h3 Bh5 7.d3 Nbd7 8.Nc3 Be7
9.Nh4 O-O 10.Nf5 Re8 11.Nxe7+ Rxe7 12.b4 Qc7 13.Rb1 Rd8 14.g4 Bg6 15.f4 exf4
16.Bxf4 Ne5 17.Bg5 Ned7 18.Qd2 a5 19.b5 Rde8 20.Rf2 h6 21.Bh4 Re6 22.e4 Nh7
23.Ne2 Nhf8 24.b6 Qb8 25.Qxa5 Re5 26.Qa7 Qc8 27.Bg3 h5 28.Bxe5 dxe5 29.gxh5 Bxh5
30.Ng3 Bg6 31.Nf5 Nc5 32.Nd6 Qd7 33.Nxe8 Qxe8 34.Rd1 Nfe6 35.Qa3 Qd8 36.Qb2 f6
37.Rdd2 Bf7 38.Kh2 g6 39.Qb4 Kg7 40.a4 Qd4 41.a5 Nf4 42.Rf3 g5 43.Qb2 Qd8
44.Rxf4 exf4 45.d4 Nd7 46.Qc3 Qb8 47.Kg1 c5 48.e5 cxd4 49.Qxd4 f3 50.exf6+ Nxf6
51.Rf2  1-0

[Event "Open"]
[Site "Porto San Giorgio ITA"]
[Date "2000.08.25"]
[Round "6"]
[White "Malakhov,V"]
[Black "Glek,I"]
[Result "1/2-1/2"]
[WhiteElo "2605"]
[BlackElo "2553"]

1.c4 Nf6 2.Nf3 g6 3.g3 Bg7 4.Bg2 c6 5.O-O d5 6.cxd5 cxd5 7.d4 Nc6 8.Nc3 Ne4
9.Qb3 O-O 10.e3 Na5 11.Qb4 Nxc3 12.Qxc3 b6 13.Bd2 Nc4 14.Rfc1 Bb7 15.Ne5 Nxd2
16.Qxd2 Qd6 17.f4 Rfc8 18.Rxc8+ Rxc8 19.Rc1  1/2-1/2

[Event "Open"]
[Site "Porto San Giorgio ITA"]
[Date "2000.08.26"]
[Round "7"]
[White "Savchenko,S"]
[Black "Malakhov,V"]
[Result "1/2-1/2"]
[WhiteElo "2579"]
[BlackElo "2605"]

1.d4 d5 2.c4 e6 3.Nf3 c6 4.Qc2 Nf6 5.Bg5 Nbd7 6.cxd5 cxd5 7.e3 Qa5+ 8.Nbd2 Bd6
9.Bd3 h6 10.Bh4 O-O 11.O-O Nb6 12.Bxf6 gxf6 13.Nh4 f5 14.Nb3 Qa4 15.Qe2 Qe8
16.Qh5 Kh7 17.f4 Nc4 18.g4 f6 19.Qxe8 Rxe8 20.Kf2 Nxb2 21.Bc2 Nc4 22.gxf5 exf5
23.Nxf5 Bxf5 24.Bxf5+ Kh8 25.Rae1 Re7 26.Rg1 Rae8 27.Bg6 Rg8 28.Rg3 Rc7 29.Reg1 Bf8
30.Nc5 Bxc5 31.dxc5 Rxc5 32.Rh3  1/2-1/2

[Event "Open"]
[Site "Porto San Giorgio ITA"]
[Date "2000.08.28"]
[Round "9"]
[White "Malakhov,V"]
[Black "Razuvaev,Y"]
[Result "1/2-1/2"]
[WhiteElo "2605"]
[BlackElo "2555"]

1.Nf3 Nf6 2.c4 e6 3.g3 d5 4.b3 Be7 5.Bg2 O-O 6.O-O b6 7.Bb2 Bb7 8.e3 Nbd7
9.Nc3 Ne4 10.cxd5 Nxc3 11.dxc3 Bxd5 12.c4 Bb7 13.Qc2 Qc8 14.Rad1 Rd8 15.h4 h6
16.Rd2 c5 17.Rfd1 Bc6 18.Ne5 Nxe5 19.Rxd8+ Bxd8 20.Bxe5 Bxg2 21.Kxg2 Qc6+
22.f3 Be7 23.h5 a6 24.Rd3 Rd8 25.Rxd8+ Bxd8 26.Qc3 f6 27.Qd3 Be7 28.Bc3 b5
29.g4 Kf8 30.Be1 b4 31.Bg3 Ke8 32.e4 Qd7 33.Qxd7+ Kxd7 34.e5 f5 35.Kh3 Ke8  1/2-1/2

[Event "Open"]
[Site "Bled SLO"]
[Date "2001.03.24"]
[Round "1"]
[White "Malakhov,V"]
[Black "Senoner,E1"]
[Result "1-0"]
[WhiteElo "2613"]
[BlackElo "2132"]

1.e4 d5 2.exd5 Nf6 3.Nf3 Qxd5 4.d4 Bg4 5.Be2 Nc6 6.O-O O-O-O 7.Be3 e6 8.Nbd2 Bd6
9.c4 Qf5 10.h3 h5 11.Qb3 e5 12.dxe5 Nxe5 13.Nh4 Qd7 14.hxg4 hxg4 15.g3 Rxh4
16.gxh4 Qf5 17.Bg5 Nh5 18.Bxd8 Nf4 19.Qe3 Nxe2+ 20.Qxe2 Nf3+ 21.Kg2 Kxd8
22.Nxf3  1-0

[Event "Open"]
[Site "Bled SLO"]
[Date "2001.03.25"]
[Round "2"]
[White "Kodric,M"]
[Black "Malakhov,V"]
[Result "1-0"]
[WhiteElo "2248"]
[BlackElo "2613"]

1.e4 c5 2.Nf3 g6 3.d4 Bg7 4.Nc3 cxd4 5.Nxd4 Nc6 6.Be3 Nf6 7.Bc4 O-O 8.Bb3 d6
9.f3 Bd7 10.Qd2 Rc8 11.O-O-O Ne5 12.Kb1 Re8 13.h4 h5 14.Bh6 Bh8 15.g4 Qa5
16.Rdg1 Qc5 17.gxh5 Nxh5 18.Be3 Nc4 19.Bxc4 Qxc4 20.Rg5 Kh7 21.Nd5 f6 22.b3 Qa6
23.Qg2 fxg5 24.Qxg5 Rc5 25.Rg1 Bg4 26.Rxg4 Qf1+ 27.Bc1  1-0

[Event "Open"]
[Site "Bled SLO"]
[Date "2001.03.26"]
[Round "3"]
[White "Malakhov,V"]
[Black "Prestrl,J"]
[Result "1-0"]
[WhiteElo "2613"]
[BlackElo "2039"]

1.e4 c6 2.d4 d5 3.exd5 cxd5 4.c4 Nf6 5.Nc3 e6 6.Nf3 dxc4 7.Bxc4 Be7 8.O-O O-O
9.Qe2 a6 10.Bg5 b5 11.Bb3 Nc6 12.Rad1 Qc7 13.d5 exd5 14.Nxd5 Nxd5 15.Bxd5 Rb8
16.Qc2 Bb7 17.Bxc6 Bxg5 18.Nxg5 g6 19.Be4 Qe7 20.Bxb7 Rxb7 21.Qe4 Qc7 22.Rfe1 h6
23.Nf3 Rb6 24.h4 Re6 25.Qd4 Rxe1+ 26.Rxe1  1-0

[Event "Open"]
[Site "Bled SLO"]
[Date "2001.04.01"]
[Round "9"]
[White "Malakhov,V"]
[Black "Atalik,S"]
[Result "1/2-1/2"]
[WhiteElo "2613"]
[BlackElo "2543"]

1.e4 c5 2.Nf3 d6 3.d4 cxd4 4.Nxd4 Nf6 5.Nc3 Nc6 6.Bg5 e6 7.Qd2 a6 8.O-O-O Bd7
9.f4 b5 10.Bxf6 gxf6 11.Kb1 Qb6 12.Nce2 h5 13.f5 Bh6 14.Qd3 Nxd4 15.Nxd4 e5
16.Ne2 b4 17.Qxd6 Qxd6 18.Rxd6 Ke7 19.Rb6 a5 20.Nc1 Ra7 21.Ra6 Rxa6 22.Bxa6 Bc6
23.Bd3 Rg8 24.g3 Rg4 25.Re1 h4 26.gxh4 Rxh4 27.Nb3 a4 28.Na5 Ba8 29.Re2 Kd6
30.a3 bxa3 31.Nc4+ Kc5 32.Nxa3 Bc6 33.c3 Rh3 34.Bc2  1/2-1/2

[Event "54th ch-RUS"]
[Site "Elista RUS"]
[Date "2001.05.02"]
[Round "3"]
[White "Malakhov,V"]
[Black "Volzhin,A"]
[Result "1/2-1/2"]
[WhiteElo "2623"]
[BlackElo "2528"]

1.e4 c5 2.Nf3 d6 3.d4 Nf6 4.Nc3 cxd4 5.Nxd4 a6 6.Be2 e6 7.a4 Be7 8.O-O O-O
9.a5 Qc7 10.Be3 Nbd7 11.Nb3 Nc5 12.Nxc5 dxc5 13.f4 Rd8 14.Qe1 Bd7 15.Bc4 Bc6
16.f5 Nxe4 17.fxe6 fxe6 18.Bxe6+ Kh8 19.Nxe4 Bxe4 20.Rf7 Qd6 21.Qc3 Bf8 22.Bc4 Qg6
23.Rf2 Bd6 24.Bf7 Qg4 25.Bxc5 Rac8 26.b4 Qg5 27.Re1 Rxc5 28.bxc5 Bxc5 29.Kf1 Bxg2+
30.Rxg2 Qf4+  1/2-1/2

[Event "54th ch-RUS"]
[Site "Elista RUS"]
[Date "2001.05.03"]
[Round "4"]
[White "Volkov,S"]
[Black "Malakhov,V"]
[Result "0-1"]
[WhiteElo "2558"]
[BlackElo "2623"]

1.d4 d5 2.c4 e6 3.Nc3 c6 4.e3 f5 5.g4 Nf6 6.gxf5 exf5 7.cxd5 Nxd5 8.Nge2 Be6
9.Bg2 Na6 10.O-O Nac7 11.Nxd5 Nxd5 12.f3 Bd6 13.e4 Qh4 14.Ng3 Nf4 15.d5 cxd5
16.exf5 Bf7 17.Re1+ Kf8 18.Be3 h5 19.Qd2 Qg5 20.Rad1 Kg8 21.Qf2 h4 22.Ne4 dxe4
23.Rxd6 Nh3+ 24.Kf1 Bc4+ 25.Re2 Qe7 26.Bxh3 Qxd6 27.Ke1 Bxe2 28.Qxe2 Qd3
29.fxe4 Qxe4 30.Bg2 Qb1+ 31.Kf2 Qxf5+ 32.Kg1 Rh5 33.Qc4+ Kh8 34.Bxb7 Rf8
35.b4 h3 36.Qc1 Rg5+  0-1

[Event "TCh-RUS"]
[Site "Tomsk RUS"]
[Date "2001.05.14"]
[Round "2"]
[White "Malakhov,V"]
[Black "Smikovski,I"]
[Result "1-0"]
[WhiteElo "2623"]
[BlackElo "2497"]

1.Nf3 Nf6 2.c4 c5 3.Nc3 Nc6 4.d4 cxd4 5.Nxd4 e6 6.e3 Bb4 7.Nb5 O-O 8.a3 Be7
9.Nd6 Qc7 10.Ncb5 Qb8 11.Be2 a6 12.Nxc8 Rxc8 13.Nd4 Na5 14.b3 d5 15.Bd2 Nc6
16.Nxc6 bxc6 17.Bf3 Nd7 18.O-O a5 19.Qc2 Bf6 20.Rab1 Qd6 21.Bc1 a4 22.bxa4 Ne5
23.Be2 Nxc4 24.Bxc4 dxc4 25.Qxc4 c5 26.Rb5 Qd5 27.Qc2 Qc6 28.Bd2 c4 29.Rc1 c3
30.Be1 g6 31.h3 Qa6 32.Rb4 h5 33.Qe4 Kg7 34.Rc2 Ra7 35.g4 Rd7 36.g5 Bxg5
37.Bxc3+ Kg8 38.Bd4 Rxc2 39.Qxc2 Rd8 40.Qc5 Bh4 41.Qe5 Kf8 42.Qg7+  1-0

[Event "TCh-RUS"]
[Site "Tomsk RUS"]
[Date "2001.05.15"]
[Round "3"]
[White "Landa,K"]
[Black "Malakhov,V"]
[Result "0-1"]
[WhiteElo "2610"]
[BlackElo "2623"]

1.e4 c5 2.Nf3 Nc6 3.d4 cxd4 4.Nxd4 Nf6 5.Nc3 d6 6.Bg5 e6 7.Qd2 a6 8.O-O-O Bd7
9.f4 b5 10.Bxf6 gxf6 11.Nxc6 Bxc6 12.Bd3 b4 13.Ne2 Qb6 14.Kb1 h5 15.Rhe1 a5
16.Bc4 Bxe4 17.Ng3 Bb7 18.f5 h4 19.Nf1 e5 20.Qe2 Bh6 21.Bd5 Ke7 22.Qe4 Bxd5
23.Rxd5 Bg5 24.h3 Rac8 25.Nh2 Rc5 26.Nf3 Qc6 27.Rxc5 Qxe4 28.Rxe4 dxc5 29.Nxg5 fxg5
30.Rxe5+ Kd6 31.Re4 Rh6 32.Rg4 Ke5 33.Rxg5 Rf6 34.b3 Rxf5 35.Rg4 Rf4 36.Rg8 Rf2
37.Kb2 f5 38.a4 bxa3+ 39.Kxa3 Rxc2 40.Ka4 Rc3 41.Rh8 Rg3 42.Rxh4 Rxg2 43.Kxa5 f4
44.Rh5+ Kf6 45.Rh8 Rg7 46.Rf8+ Rf7 47.Rc8 Kg6 48.Kb5 f3 49.Rg8+ Kh5 50.Rg1 Rf5
51.Kc4 Kh4  0-1

[Event "TCh-RUS"]
[Site "Tomsk RUS"]
[Date "2001.05.19"]
[Round "6"]
[White "Malakhov,V"]
[Black "Shaposhnikov,E"]
[Result "1-0"]
[WhiteElo "2623"]
[BlackElo "2514"]

1.Nf3 Nf6 2.c4 e6 3.Nc3 Bb4 4.Qc2 O-O 5.a3 Bxc3 6.Qxc3 b6 7.g3 Bb7 8.Bg2 d6
9.O-O Nbd7 10.d3 c5 11.b3 d5 12.e3 Re8 13.Bb2 Rc8 14.cxd5 Bxd5 15.e4 Bc6
16.Nd2 b5 17.d4 cxd4 18.Qxd4 Qc7 19.Rac1 Qb7 20.Rc2 e5 21.Qe3 Qb8 22.Rfc1 Bb7
23.Nb1 Rxc2 24.Rxc2 Qd6 25.Nc3 a6 26.Rd2 Qc5 27.Qd3 b4 28.Na4 Qe7 29.Qd6 Bxe4
30.axb4 Bxg2 31.Kxg2 Qe6 32.Qxe6 Rxe6 33.Nc5 Nxc5 34.bxc5 Kf8 35.Rc2 Ke8
36.c6 Kd8 37.Rc5 e4 38.Be5 Kc8 39.h3 e3 40.f3 e2 41.Kf2 Nh5 42.Bc3 g6 43.Be1 f5
44.h4 Nf6 45.Ba5 Ng8 46.Rd5 e1=B+ 47.Bxe1 Ne7 48.Rd7 Nxc6 49.Rxh7 Nd4 50.Bc3 Nxb3
51.h5 gxh5 52.Rxh5 f4 53.gxf4 Rc6 54.Be5 Nc5 55.Ke3 Kd7 56.f5 a5 57.Kd4 Nb3+
58.Ke4 Rc4+ 59.Kd3 Rc8 60.Rh7+ Kc6 61.Re7 Kd5 62.f6 Nc5+ 63.Ke3 Nd7 64.f4  1-0

[Event "ECC"]
[Site "Panormo GRE"]
[Date "2001.09.23"]
[Round "1"]
[White "Petran,Pe"]
[Black "Malakhov,V"]
[Result "0-1"]
[WhiteElo "2364"]
[BlackElo "2637"]

1.g3 d5 2.Bg2 Nf6 3.d3 e5 4.Nf3 Nc6 5.Bg5 h6 6.Bxf6 Qxf6 7.O-O e4 8.Ne1 Qxb2
9.Nd2 Bb4 10.Nb3 Qe5 11.e3 O-O 12.d4 Qe7 13.c4 dxc4 14.Nd2 Bxd2 15.Qxd2 Bf5
16.Qb2 a6 17.a4 Rab8 18.a5 Qe6 19.Qc3 Bg4 20.f3 exf3 21.Nxf3 Bf5 22.Nd2 Bd3
23.Rfe1 Rfd8 24.Rac1 Qf5 25.Nxc4 Be4 26.Rf1 Qd5 27.Bxe4 Qxe4 28.Rf4 Qe6 29.Rd1 Ne7
30.Qd3 Nd5 31.Rf3 b5 32.axb6 cxb6 33.Ne5 f6 34.Ng6 Rbc8 35.Nf4 Nxf4 36.Rxf4 Qc4
37.d5 Qxd3 38.Rxd3 b5 39.d6 Rd7 40.Rfd4 Rc6 41.Kf2 Kf7 42.g4 Rb6 43.h4 b4
44.Rd1 a5 45.Ra1 Rdxd6 46.Rxd6 Rxd6 47.Rxa5 Rb6 48.Ra7+ Ke6  0-1

[Event "ECC"]
[Site "Panormo GRE"]
[Date "2001.09.24"]
[Round "2"]
[White "Dancevski,O"]
[Black "Malakhov,V"]
[Result "0-1"]
[WhiteElo "2435"]
[BlackElo "2637"]

1.d4 d5 2.c4 e6 3.Nc3 c6 4.e3 f5 5.f4 Nf6 6.Nf3 Be7 7.Bd3 O-O 8.O-O b6 9.b3 Bb7
10.Bb2 c5 11.Qe2 Ne4 12.Rfd1 Bf6 13.Rac1 cxd4 14.Nxd4 Bxd4 15.exd4 Rf6 16.Qe3 Rg6
17.Nxe4 fxe4 18.Be2 Nc6 19.Ba3 a6 20.Rc2 Rc8 21.g4 h6 22.cxd5 exd5 23.f5 Rf6
24.Bf1 Rf7 25.Rg2 Qf6 26.Qf2 a5 27.Qd2 Rfc7 28.Kh1 Nd8 29.Qe1 Nf7 30.h4 Rc3
31.Bc1 Rh3+ 32.Rh2 Rxh2+ 33.Kxh2 Rc2+ 34.Rd2 Rxc1 35.Qxc1 Qxh4+ 36.Kg2 Qxg4+  0-1

[Event "ECC"]
[Site "Panormo GRE"]
[Date "2001.09.28"]
[Round "6"]
[White "Malakhov,V"]
[Black "Volkov,S"]
[Result "1-0"]
[WhiteElo "2637"]
[BlackElo "2578"]

1.e4 e6 2.d4 d5 3.Nd2 Nf6 4.e5 Nfd7 5.f4 c5 6.Ngf3 Nc6 7.Nb3 c4 8.Nbd2 b5
9.Be2 Nb6 10.Nf1 Bd7 11.Ne3 Be7 12.O-O Qc7 13.Bd2 f6 14.Be1 O-O 15.Bh4 Kh8
16.Kh1 a5 17.Qd2 b4 18.b3 c3 19.Qe1 a4 20.Bd3 Be8 21.Rd1 f5 22.h3 Bxh4 23.Qxh4 Qe7
24.Qf2 h6 25.g4 fxg4 26.Nxg4 Bh5 27.Qg3 Rf7 28.Bb5 Na7 29.Be2 Raf8 30.Nh4 axb3
31.Nxh6 Bxe2 32.Ng6+ Kh7 33.Nxf7 Qxf7 34.Qh4+ Kxg6 35.Rg1+ Kf5 36.Rg5+ Ke4
37.f5+ Ke3 38.Rg3+ Bf3+ 39.Rxf3+ Kxf3 40.Rf1+ Ke3 41.Qf4+  1-0

[Event "10th Open"]
[Site "Valle d'Aosta ITA"]
[Date "2002.02.09"]
[Round "1"]
[White "Trabert,B"]
[Black "Malakhov,V"]
[Result "0-1"]
[WhiteElo "2285"]
[BlackElo "2647"]

1.e4 c5 2.Nf3 g6 3.d4 Bg7 4.c3 cxd4 5.cxd4 d5 6.exd5 Nf6 7.Nc3 O-O 8.Bc4 Nbd7
9.O-O Nb6 10.Bb3 Nbxd5 11.Re1 e6 12.Bg5 Nxc3 13.bxc3 b6 14.Ne5 Bb7 15.Qd3 Qc7
16.Rac1 Nd7 17.Qg3 Nxe5 18.dxe5 Rac8 19.f4 Qc5+ 20.Kh1 Rc7 21.Red1 Bc6 22.Qh4 Re8
23.Bf6 Rd7 24.Rxd7 Bxd7 25.h3 Bc6 26.Kh2 a5 27.Bxg7 Kxg7 28.Qg3 a4 29.Bd1 Rd8
30.Qe1 b5 31.Rc2 Rd3 32.Bg4 h5 33.Be2 Rd7 34.Rb2 a3 35.Rc2 Qe3 36.Qh4 Qe4
37.Bf3 Qxc2 38.Bxc6 Rd2 39.Qf6+ Kg8 40.Qe7 Qf5 41.Qb4 g5 42.Bxb5 Qxf4+ 43.Qxf4 gxf4  0-1

[Event "10th Open"]
[Site "Valle d'Aosta ITA"]
[Date "2002.02.10"]
[Round "2"]
[White "Malakhov,V"]
[Black "Efimov,I"]
[Result "1-0"]
[WhiteElo "2647"]
[BlackElo "2444"]

1.c4 e6 2.Nf3 d5 3.b3 Nh6 4.Bb2 Nf5 5.e3 Be7 6.g4 Bf6 7.Bxf6 Qxf6 8.Nc3 Nh4
9.Nxh4 Qxh4 10.cxd5 O-O 11.Qf3 exd5 12.Nxd5 Nc6 13.h3 Be6 14.Be2 Bxd5 15.Qxd5 Rad8
16.Qb5 Rd6 17.Qxb7 Qf6 18.Rd1 Re8 19.d4 Qe7 20.Qb5 Qe4 21.O-O Nxd4 22.Rxd4 Rxd4
23.Bf3 Rb4 24.Bxe4 Rxb5 25.Bc6 Reb8 26.Bxb5 Rxb5 27.Rc1 c5 28.a4 Rxb3 29.Rxc5 g6
30.Rc7 Kg7 31.Rxa7 g5 32.a5 Ra3 33.a6 Kf6 34.Ra8 Kg7 35.a7 h6 36.Kg2 Ra2
37.Kg3 Ra3 38.h4 Kh7 39.hxg5 hxg5 40.Kf3 Ra4 41.Ke2 Kg7 42.f4 gxf4 43.exf4 f6
44.f5 Ra2+ 45.Kf3 Ra3+ 46.Kf4 Ra4+ 47.Kg3 Ra3+ 48.Kh4  1-0

[Event "10th Open"]
[Site "Valle d'Aosta ITA"]
[Date "2002.02.11"]
[Round "3"]
[White "Tyomkin,D"]
[Black "Malakhov,V"]
[Result "0-1"]
[WhiteElo "2501"]
[BlackElo "2647"]

1.d4 d5 2.c4 e6 3.Nf3 c6 4.Qc2 Nf6 5.e3 Nbd7 6.Nc3 Be7 7.Bd3 b6 8.O-O Bb7
9.b3 O-O 10.Bb2 h6 11.Rad1 Qc7 12.e4 dxe4 13.Nxe4 Nxe4 14.Bxe4 Nf6 15.Bd3 c5
16.Qe2 cxd4 17.Nxd4 Bc5 18.Nf3 Qf4 19.Be5 Qg4 20.h3 Qh5 21.Bxf6 Bxf3 22.Qxf3 Qxf3
23.gxf3 gxf6 24.Bc2 a5 25.f4 f5 26.Kg2 Kg7 27.Kf3 Kf6 28.Rg1 Rg8 29.Rxg8 Rxg8
30.Bb1 Ke7 31.Bc2 Bd6 32.Bd3 Kd7 33.c5 bxc5 34.a4 Ke7 35.Bc4 Rb8 36.Re1 Rb7
37.Rd1 Rb6 38.Rg1 Kf8 39.Rd1 h5 40.Rd3 h4 41.Rd1 Be7 42.Rd7 Bf6 43.Bb5 Bc3
44.Rd8+ Kg7 45.Rd7 Rb8 46.Rc7 Bb4 47.Rd7 Kg6 48.Rc7 Rg8 49.Rd7 Rc8 50.Ba6 Rb8
51.Bb5 Kf6 52.Rc7 Rg8 53.Rb7 Bc3 54.Ra7 Rd8 55.Rd7 Ra8 56.Bc6 Rc8 57.Bb5 Bd4
58.Rb7 Rg8 59.Rc7 Rg1 60.Be8 Rb1 61.Rxf7+ Kg6 62.Re7+ Kh6 63.Rxe6+ Kg7 64.Bb5 Rxb3+
65.Kg2 Rb4 66.Bd3 Rxa4 67.Bxf5 c4 68.Kf3 c3 69.Rc6 Ra2 70.Ke4 Rd2 71.Be6 a4
72.Rc7+ Kf8 73.f5 Ke8 74.Rc8+ Ke7 75.Rc7+ Kd6 76.Rd7+ Kc6 77.Rd8 Bb6 78.Rd3 c2
79.Rc3+ Kd6 80.f4 Bd4 81.Rc8 Bb2 82.Rd8+ Kc6 83.Rd6+ Kxd6  0-1

[Event "10th Open"]
[Site "Valle d'Aosta ITA"]
[Date "2002.02.13"]
[Round "5"]
[White "Gurevich,M"]
[Black "Malakhov,V"]
[Result "1-0"]
[WhiteElo "2641"]
[BlackElo "2647"]

1.d4 d5 2.c4 e6 3.Nf3 c6 4.Qc2 Nf6 5.Bg5 Nbd7 6.Nbd2 Be7 7.e3 O-O 8.Be2 h6
9.Bh4 c5 10.cxd5 Nxd5 11.Bg3 b6 12.Rc1 Bb7 13.O-O a6 14.Nc4 Nb4 15.Qb1 Nf6
16.dxc5 Be4 17.Qa1 Bxc5 18.a3 a5 19.Rfd1 Nbd5 20.Nfd2 Bh7 21.Bf3 Nd7 22.Ne4 Ra7
23.Nc3 Nxc3 24.Rxc3 Qe7 25.Qc1 Nf6 26.Nxb6 Bxb6 27.Bd6 Nd5 28.Bxe7 Nxc3 29.Bxf8  1-0

[Event "10th Open"]
[Site "Valle d'Aosta ITA"]
[Date "2002.02.15"]
[Round "7"]
[White "Epishin,V"]
[Black "Malakhov,V"]
[Result "1/2-1/2"]
[WhiteElo "2599"]
[BlackElo "2647"]

1.d4 d5 2.c4 e6 3.Nc3 c6 4.e4 dxe4 5.Nxe4 Bb4+ 6.Nc3 c5 7.Be3 Nf6 8.Rc1 Qa5
9.Bd3 Qxa2 10.Ne2 Qa5 11.O-O cxd4 12.Nxd4 O-O 13.Ne4 Nbd7 14.Nb5 a6 15.Nbd6 Bxd6
16.Nxd6 Nc5 17.Bd4 Rd8 18.Bxf6 gxf6 19.Bxh7+ Kf8 20.Rc2 Qc7 21.Rd2 Ke7 22.Nxf7 Rxd2
23.Qxd2 Kxf7 24.Qh6 Qd6 25.Bg6+ Ke7 26.Qh8 Kd7 27.b4 Nb3 28.Qg7+ Kd8 29.c5 Qd5
30.Re1 Bd7 31.Qxf6+ Kc7 32.Qf4+ Kc8 33.h4 Rb8 34.h5 Bc6 35.Qg4 Kc7 36.Qg3+ Kd7
37.Bf7 Nd4 38.h6 Rh8 39.Qg7 Qxg2+ 40.Qxg2 Bxg2 41.Kxg2 Rxh6 42.Rd1 e5 43.f4 Rf6
44.Bd5 Rxf4 45.Bxb7 Kc7  1/2-1/2

[Event "9th RUS-chT"]
[Site "Ekaterinburg RUS"]
[Date "2002.05.17"]
[Round "1"]
[White "Iskusnyh,S"]
[Black "Malakhov,V"]
[Result "0-1"]
[WhiteElo "2475"]
[BlackElo "2663"]

1.d4 d5 2.c4 e6 3.Nf3 c6 4.e3 f5 5.Bd3 Nf6 6.O-O Bd6 7.b3 Qe7 8.Bb2 O-O 9.Ne5 b6
10.Nd2 Bb7 11.Rc1 Ne4 12.Qe2 Nxd2 13.Qxd2 Nd7 14.cxd5 cxd5 15.Nc6 Qe8 16.b4 Nf6
17.Ne5 Ne4 18.Qe2 Bxb4 19.Rc7 Bc8 20.Rfc1 Bd6 21.Bxe4 fxe4 22.Qg4 Bxe5 23.dxe5 Rf7
24.Ba3 Rxc7 25.Rxc7 Bd7 26.Qg5 h6 27.Qe7 Qxe7 28.Bxe7 Bb5 29.a3 Bd3 30.Rd7 Rc8
31.Rd8+ Rxd8 32.Bxd8 Kf7 33.f4 Ke8 34.Bc7 Kd7 35.Bd6 h5 36.Kf2 Kc6 37.Ke1 d4
38.Kd2 Kd5 39.Bb8 dxe3+ 40.Kxe3 a6 41.Ba7 b5 42.Kd2 Kc4 43.f5 e3+ 44.Bxe3 Bxf5
45.Bb6 h4 46.Bd8 Kb3 47.Be7 Be4 48.g3 hxg3 49.hxg3 Bf5 50.Bb4 g6 51.Kc1 Kc4
52.Kd2 Kd4 53.Bc3+ Ke4 54.Ke2 Bg4+ 55.Kf2 Kd3 56.Ba5 Ke4 57.Bc7 Kd4 58.Kf1 Ke3
59.Kg2 Bf5 60.Kg1 Kf3 61.Kh2 Bg4 62.Ba5 Ke4 63.Bc7 Kd4 64.Kg2 Kc4 65.Kf2 Kb3
66.Bd6 a5 67.Ke3 Kc4 68.Be7 Bf5 69.Bd6 Bb1 70.Be7 b4 71.axb4 axb4 72.Kd2 Be4
73.Kc1 Kc3 74.Bg5 b3 75.Bd2+ Kd3 76.Bf4 Bd5 77.Kb2 Kd4 78.Kc1 Ke4 79.Kb2 Kd3
80.Bg5 Ke4 81.Bf4 Kf5 82.Kc3 g5 83.Bd2 Kxe5 84.Bxg5 Ke4 85.Bf6 Kf5 86.Bg7 e5
87.g4+ Kf4 88.g5 e4 89.g6 Kf3 90.Bf6 e3 91.g7 Ke2 92.Bg5 Bg8 93.Bh4 Kd1  0-1

[Event "9th RUS-chT"]
[Site "Ekaterinburg RUS"]
[Date "2002.05.18"]
[Round "2"]
[White "Malakhov,V"]
[Black "Yemelin,V"]
[Result "1-0"]
[WhiteElo "2663"]
[BlackElo "2541"]

1.Nf3 Nf6 2.c4 e6 3.g3 a6 4.Bg2 b5 5.b3 c5 6.Nc3 Qb6 7.O-O Bb7 8.Re1 Be7
9.e4 d6 10.d4 Nc6 11.e5 dxe5 12.dxe5 Nd7 13.Bf4 Rd8 14.Qe2 Nd4 15.Nxd4 cxd4
16.Ne4 Bxe4 17.Bxe4 g5 18.Bd2 Nxe5 19.cxb5 axb5 20.Qh5 Nd7 21.Qh6 Nc5 22.Bxg5 Bxg5
23.Qxg5 Nxe4 24.Rxe4 d3 25.Rd1 Qa5 26.Qg7 Rf8 27.Rd4 Rxd4 28.Qxd4 f6 29.Qxd3 Rf7
30.Qd6 Re7 31.Qb8+ Kf7 32.Qh8 Kg6 33.Qg8+  1-0